Library of the University of Algiers 3
Ibrahim Sultan Cheibout
شعار جامعة الجزائر 3
مكتبة جامعة الجزائر 3
إبراهيم سلطان شيبوط

البنوك الاسلامية : (رقم التسجيلة. 43847)

تفاصيل مارك
000 -LEADER
fixed length control field 01131nam a2200217Ia 4500
003 - CONTROL NUMBER IDENTIFIER
control field Ost
005 - DATE AND TIME OF LATEST TRANSACTION
control field 20260507075310.0
008 - FIXED-LENGTH DATA ELEMENTS--GENERAL INFORMATION
fixed length control field 260507s9999||||xx |||||||||||||| ||und||
020 ## - INTERNATIONAL STANDARD BOOK NUMBER
International Standard Book Number 6352328977
040 ## - CATALOGING SOURCE
Transcribing agency fsecg
041 ## - LANGUAGE CODE
Language code of text/sound track or separate title ara
082 ## - DEWEY DECIMAL CLASSIFICATION NUMBER
Classification number 330
100 ## - MAIN ENTRY--PERSONAL NAME
Personal name وفاء البدوي محمدي، جلال
Relator term مؤلف
245 #0 - TITLE STATEMENT
Title البنوك الاسلامية :
Remainder of title دراسة مقارنة للنظم في دولة الكويت و دول أخرى /
Statement of responsibility, etc. جلال وفاء البدوي محمدي
260 ## - PUBLICATION, DISTRIBUTION, ETC.
Place of publication, distribution, etc. الاسكندرية:
Name of publisher, distributor, etc. دار الجامعة الجديدة,
Date of publication, distribution, etc. 2008
300 ## - PHYSICAL DESCRIPTION
Extent 205 صفحة؛
Dimensions 25 سم
520 ## - SUMMARY, ETC.
Summary, etc. ماهية البنوك الاسلامية و تنظيمها القانوني، الجوانب القانونية لتأسيس البنوك الاسلامية و تسجيل و إدارة هذه البنوك و رقابة البنك المركزي على البنوك الاسلامية مع الرقابة الشرعية في البنوك الاسلامية .
653 ## - INDEX TERM--UNCONTROLLED
Uncontrolled term البنوك ــ الكويت
653 ## - INDEX TERM--UNCONTROLLED
Uncontrolled term البنوك الاسلامية ــ الكويت
942 ## - ADDED ENTRY ELEMENTS (KOHA)
Koha item type كتب
المقتنيات
Withdrawn status Lost status Source of classification or shelving scheme Damaged status Not for loan Home library Current library Date acquired Serial enumeration / chronology Inventory number Total checkouts Full call number Barcode Date last seen Price effective from Koha item type
    Dewey Decimal Classification   NOT LOAN / إعارة داخلية مكتبة كلية العلوم الإقتصادية والعلوم التجارية وعلوم التسيير مكتبة كلية العلوم الإقتصادية والعلوم التجارية وعلوم التسيير 07/05/2026 الطابق الأرضي 2011/14932   أ/3820ن1 2011/14932 07/05/2026 07/05/2026 كتب
    Dewey Decimal Classification   Available مكتبة كلية العلوم الإقتصادية والعلوم التجارية وعلوم التسيير مكتبة كلية العلوم الإقتصادية والعلوم التجارية وعلوم التسيير 07/05/2026 الطابق الأرضي 2011/14933   أ/3820ن2 2011/14933 07/05/2026 07/05/2026 كتب
    Dewey Decimal Classification   Available مكتبة كلية العلوم الإقتصادية والعلوم التجارية وعلوم التسيير مكتبة كلية العلوم الإقتصادية والعلوم التجارية وعلوم التسيير 07/05/2026 الطابق الأرضي 2011/14934   أ/3820ن3 2011/14934 07/05/2026 07/05/2026 كتب

موارد الويب المفتوحة


© University of Algiers 3 All Rights Reserved
|
Implemented by LECHELAH Riad